=LDR 00000nam 2200000 4500 =001 NUTBA000000000002635 =005 20201222110719 =035 ##$$a 0010-061400000000578 =008 201222################g##########0#ind## =020 ##$$a 978-979-508-651-5-9 =082 ##$$a 302.2 =090 ##$$a 302.2 kUS K =100 ##$$a Kuswandi, Wawan =245 1#$$a Komunikasi massa : $b Analisis interaktif budaya Massa /$c Drs. Wawan Kuswandi =260 ##$$a Jakarta :$b Rineka,$c 2008 =300 ##$$a ix, 154 hlm ; $c 20 x 14 cm =440 ##$$a Komunikasi massa =084 ##$$a 302.2 KUS k =650 #4$$a Komunikasi massa =520 ##$$a Bibliografi: halaman 151-153 =990 ##$$a 21004779 =990 ##$$a 21004777 =990 ##$$a 21004778 =990 ##$$a 21004776